ბათუმის შოთა რუსთაველის სახელმწიფო უნივერსიტეტის ბიბლიოთეკა

Design of wood structures-asd/lrfd / (ბიბ.ჩანაწერი № 57606)

000 -LEADER
fixed length control field 00723nam a22002175i 4500
001 - CONTROL NUMBER
control field 20766151
005 - DATE AND TIME OF LATEST TRANSACTION
control field 20221107104129.0
008 - FIXED-LENGTH DATA ELEMENTS--GENERAL INFORMATION
fixed length control field 181204s2020 nyu 000 0 eng
020 ## - INTERNATIONAL STANDARD BOOK NUMBER
International Standard Book Number 1260128679x
080 ## - UNIVERSAL DECIMAL CLASSIFICATION NUMBER
Universal Decimal Classification number 624.011.1 B-85
100 1# - MAIN ENTRY--PERSONAL NAME
Personal name Breyer, Donald E.
9 (RLIN) 9200
245 10 - TITLE STATEMENT
Title Design of wood structures-asd/lrfd /
Statement of responsibility, etc. Donald E. Breyer, Kelly Cobeen, Zeno Martin.
250 ## - EDITION STATEMENT
Edition statement Eighth edition
264 #1 - PRODUCTION, PUBLICATION, DISTRIBUTION, MANUFACTURE, AND COPYRIGHT NOTICE
Place of production, publication, distribution, manufacture New York, NY :
Name of producer, publisher, distributor, manufacturer McGraw-Hill Education,
Date of production, publication, distribution, manufacture, or copyright notice 2019.
300 ## - PHYSICAL DESCRIPTION
Extent 873 p.
Other physical details ill.
Dimensions 24 cm.
653 ## - INDEX TERM--UNCONTROLLED
keyword დიზაინი
653 ## - INDEX TERM--UNCONTROLLED
keyword ხის კონსტუქციები
700 ## - ADDED ENTRY--PERSONAL NAME
Personal name Cobeen, Kelly
Relator term ავტორი
9 (RLIN) 9201
700 ## - ADDED ENTRY--PERSONAL NAME
Personal name Martin, Zeno
Relator term ავტორი
9 (RLIN) 9202
942 ## - ADDED ENTRY ELEMENTS (KOHA)
Source of classification or shelving scheme
Koha item type წიგნი
ეგზემპლარები
Withdrawn status Lost status Source of classification or shelving scheme Damaged status Not for loan Permanent Location Current Location Shelving location Date acquired Cost, normal purchase price Full call number Barcode Date last seen Copy number Price effective from Koha item type Public note
          ბათუმის შოთა რუსთაველის სახელმწიფო უნივერსიტეტის მთავარი ბიბლიოთეკა ბათუმის შოთა რუსთაველის სახელმწიფო უნივერსიტეტის მთავარი ბიბლიოთეკა წიგნსაცავი 2020-08-13 282.00 624.011.1 B-85 60807 2020-08-13 60807 2020-08-13 წიგნი 282 ლ.